Deadliest Events and Disasters in All of History - Statistics

General Stats
  • This quiz has been taken 73 times
    11 since last reset
  • The average score is 7 of 33
Answer Stats
Eon Deaths Answer % Correct
25.11.25.53 17,363,000,000 {Black} {Hole} Collision
50%
35.41.05.11 1,200,000,000 Galactic {War} 1
50%
40.73.26.13 444,000,000 Galactic {War} 2 1/2
50%
42.39.97.57 6,890,000,000 Galactic {War} 3
50%
39.33.19.34 2,700,000,000 Galactic {War} II
50%
27.94.63.87 116,400,000 Maipunko {Impact} Event
50%
37.59.84.35 3,400,000,000 Super-{Supernova} Zeta
30%
33.52.08.64 287,000,000 The Gigantium {Planetquake}
30%
27.75.73.38 52,500,000 The Great {Fire} of Timberia
30%
42.38.24.68 346,004,000 Varus Core {Meltdown}
30%
25.54.161.64 456,000,000 Cordinthia {Supervolcano}
20%
23.12.26.06 73,000,000 {Cyclone} on Cono
20%
31.12.71.40 330,000,000 {Depressurization} of Unity Dome
20%
53.08.13.28 101,000,000 Dravuvian {Acid} {Wave}
20%
44.04.12.34 9,900,000,000 Galactic {War} 4: In {Space}
20%
42.27.34.69 850,000,000 Great {Worm}hole Malfunction
20%
13.57.62.94 772,000,000 Jarpulitis {Pandemic}
20%
33.70.11.01 1,400,000,000 {Plague} of Targis
20%
27.90.26.66 1,235,000,000 {Storm} of the Eon
20%
52.48.17.27 67,000,000 Asteroid Belt Colony {Famine}
10%
34.8.03.11 59,500,000 Creeton {Tornado}
10%
42.22.8.07 250,350,000 Cyborg {Invasion} of Grunatep
10%
22.77.27.0 127,000,000 Galactic {Avalanche}
10%
23.98.28.04 93,000,000 Ghaiq'oin {Rebellion}
10%
34.45.28.68 3,600,000,000 Interstellar {Blizzard}
10%
43.18.40.96 228,000,000 Kranton {Revolution}
10%
30.33.08.41 235,195,000 Qhixith {Conquests}
10%
41.16.58.33 690,900,000 The Great {Radiation} Storm
10%
33.53.19.91 2,600,000,000 Thraattad {Civil} War
10%
41.37.15.02 900,000,000 Trans-system {Slave} Trade
10%
21.52.29.28 86,000,000 Dartelli {Genocide}
0%
55.02.26.14 23,035,000,000 {Nanotech} Swarm
0%
50.55.18.11 4,500,000,000 Valtron {AI} singularity
0%
No matching quizzes found
Score Distribution
Percent of People with Each Score
Percentile by Number Answered
Your Score History
You have not taken this quiz since the last reset